| 000 | 00554 a2200217 4500 | ||
|---|---|---|---|
| 005 | 20260407124219.0 | ||
| 008 | 260407b |||||||| |||| 00| 0 eng d | ||
| 020 |
_a9781781251706 _cRs. 855.00 |
||
| 040 | _aMAIN | ||
| 082 |
_a363.25 _bD142F |
||
| 100 | _aMcDermid, Val | ||
| 245 | _aForensics: The anatomy of crime | ||
| 250 | _a | ||
| 260 |
_bProfile Books _c2015 _aLondon |
||
| 300 | _aix, 310 | ||
| 650 | _aForensic Sciences | ||
| 650 | _aSocial Problems | ||
| 650 | _aPolice Services | ||
| 650 | _aCriminal Investigation | ||
| 942 | _cBK | ||
| 999 |
_c394452 _d394452 |
||